The Good Place episode titles - Statistics

General Stats
  • This quiz has been taken 105 times
    99 since last reset
  • The average score is 15 of 51
Answer Stats
season episode title % Correct
1 Everything Is Fine
83%
Janet(s)
57%
Jason Mendoza
57%
Tahani Al-Jamil
55%
Mindy St. Claire
53%
4 A Girl from Arizona
49%
The Burrito
49%
Derek
47%
Michael's Gambit
45%
2 Everything Is Great!
40%
The Trolley Problem
40%
Whenever You're ready
40%
Chidi Sees the Time Knife
36%
Flying
36%
Team Cockroach
36%
3 Everything is Bonzer!
34%
Patty
34%
Dance dance Resolution
32%
Janet and Michael
32%
The Book of Dougs
32%
The Brainy Bunch
28%
The Eternal Shriek
28%
Jeremy bearimy
26%
Category 55 Emergency Doomsday Crisis
23%
Chidi's Choice
23%
Existential Crisis
23%
The Snowplow
23%
A Chip Driver Mystery
21%
A fractured inheritance
21%
Pandemonium
21%
Somewhere Else
21%
The ballad of donkey doug
21%
The ballad of donkey doug
21%
The Funeral to end All Funerals
21%
The Worst Possible Use of Free Will
21%
Tinker, Tailor,Demon, Spy
21%
What We Owe to Each Other
21%
Don't Let the Good Life Pass You By
19%
Rhonda, Diana, Jake, and Trent
19%
A Girl from Arizona Part 2
17%
Mondays, Am I right?
17%
The Answer
17%
Chillaxing
15%
Leap to Faith
15%
Someone Like Me as a Member
15%
Employee of the Bearimy
13%
Help is Other People
13%
Most Improved Player
13%
You've Changed Man
13%
Best Self
11%
What's My Motivation
9%
No matching quizzes found
Score Distribution
Percent of People with Each Score
Percentile by Number Answered
Your Score History
You have not taken this quiz since the last reset